000
00303 a2200109 4500
001
ART_26199
005
20260410161936.0
008
260409a
245
1
0
_a
La administración y la contabilidad
100
1
_a
Viegas, Juan Carlos
773
0
_t
SaberEs
_g
- Nº 1 (jun. 2009)
_w
REV26089
999
_c
29091
_d
29091